Taos Regional Airport Destinations (Taos, NM, USA) - Statistics

General Stats
  • This quiz has been taken 33 times
    17 since last reset
  • The average score is 3 of 5
Answer Stats
Airline Destination % Correct
JSX Dallas (Love)
92%
JSX Austin (Executive)
69%
Contour Airlines Denver
69%
JSX San Diego/Carlsbad
38%
JSX Burbank
31%
No matching quizzes found
Score Distribution
Percent of People with Each Score
Percentile by Number Answered
Your Score History
You have not taken this quiz since the last reset